[Event "Canadian op"]
[Site "Kapuskasing"]
[Date "2004.07.16"]
[Round "8"]
[White "Krnan, Tomas"]
[Black "Mikhalevski, Victor"]
[Result "1/2-1/2"]
[WhiteElo "2331"]
[BlackElo "2551"]
[Annotator "Mikhalevski,V"]
[PlyCount "129"]
[EventDate "2004.07.10"]
[EventType "swiss"]
[EventRounds "10"]
[EventCountry "CAN"]
[SourceTitle "CBM 101 Extra"]
[Source "ChessBase"]
[SourceDate "2004.09.01"]
[SourceVersion "2"]
[SourceVersionDate "2004.09.01"]
[SourceQuality "1"]

1. e4 e5 2. Nf3 Nc6 3. Bb5 a6 4. Ba4 Nf6 5. O-O Nxe4 6. d4 b5 7. Bb3 d5 8. dxe5
Be6 9. c3 Be7 10. Be3 Nc5 11. Bc2 Nd7 {Usually this line leads into a slightly
better for white position, but with accurate play black is able to keep an
equality.} 12. Re1 Ndxe5 13. Nxe5 Nxe5 14. Bd4 Ng6 15. Bxg7 Rg8 16. Bxg6 Rxg7
17. Rxe6 hxg6 18. Re5 (18. Re2 {looks more logical since the rook has nothing
to do on e5.} Kf8 19. Qd3 (19. a4 $5 Rh7 20. Nd2 Bd6 21. g3 Rb8 22. Nf3 Rh5 23.
h4 Qd7 24. axb5 axb5 25. Qd4 Kg8 26. Rae1 b4 (26... c5 $5) 27. Ng5 bxc3 28.
bxc3 $16 {1-0 Van den Doel,E-Motwani,P/Belgium BEL 2002/The Week in Chess 427 
(31). (30)}) 19... Rh7 20. Nd2 c6 21. Rae1 Bf6 22. Nf3 Rh8 23. Ne5 Bxe5 (23...
Qd6 $5 24. Ng4 Kg7) 24. Rxe5 $14 {Vallejo Pons-Narciso Dublan,TCh-ESP 2003.})
18... c6 19. Nd2 {The position is not simple as it looks and contains some
hidden resources.} Kf8 20. Nf3 Rh7 {Probably h8 is the best square for the
rook in this line while the king belongs to g7.} (20... Bf6 21. Re2 Rh7 22. Qd2
(22. Qd3 $5) 22... Qd6 23. a4 Rd8 24. axb5 axb5 25. h3 c5 26. Qd3 c4 27. Qd2 d4
28. cxd4 Rh5 $5 29. Qa5 Rd5 30. Qa6 {1/2-1/2 Kuczynski,R-Haba,P/Czechia 1997/
EXT 98 (30).}) 21. Qd3 Bf6 ({Black could also regroup the pieces the following
way.} 21... Bd6 22. Re2 Qf6) 22. Re2 Kg7 {Only this move is new in the current
position, but a lot of similar games were already played where this move was
played a move earlier or later.} ({For example} 22... Rh8 23. Rae1 Kg7 24. h3
Qd6 25. Nh2 c5 26. Ng4 Rad8 27. Qf3 Rhf8 28. Rd1 d4 29. cxd4 $11 {1/2-1/2
Rogic,D-Anka,E/Harkany 1994/CBM 45 ext (29).}) (22... Qd6 23. Rae1 Rh5 (23...
Rh8 $5 {[%cal Gf8g7]}) 24. g3 Rd8 25. Nd4 Qd7 26. b4 Kg7 27. f4 a5 28. a3 Ra8
$132 {[%cal Ga5b4,Ga8a3] 1/2-1/2 Ernst,T-Todorovic,G/Vienna 1991/EXT 2000 (43)}
) 23. Rae1 Qd7 {It wasn't necessary to lose a tempo.} (23... Qd6 $142 $5) 24.
Ne5 Qd6 25. h3 (25. Ng4 $5 {avoiding exchange of a pair of rooks deserved
serious attention.} Rah8 (25... Rhh8 $5) 26. h3 Qf4 {[%cal Gf4g4]} 27. Nxf6
Qxf6 28. Qe3 $14) 25... Re8 $1 26. Ng4 ({Doesn't work} 26. Nxf7 $2 Rxe2 27.
Qxe2 (27. Nxd6 Rxe1+ 28. Kh2 Be5+ 29. g3 Bxd6 $19) 27... Kxf7 28. Qe8+ Kg7 29.
Re6 Qf4 30. Rxc6 $17 {and the best White can hope for is a draw.}) 26... Rxe2
27. Qxe2 Rh8 $11 28. Qd2 Rd8 (28... a5 $5) 29. h4 $1 Kf8 $1 {[%cal Gf6g7]
leaving the g7-square for the bishop.} (29... Rh8 30. g3) 30. Nxf6 (30. h5 gxh5
31. Qh6+ Bg7 32. Qxh5 Re8 $1 {and Black is at least not worse.}) 30... Qxf6 31.
Qd4 (31. Qh6+ Kg8 32. h5 c5 $132 {[%cal Gd5d4]}) 31... Kg7 $1 32. Re7 c5 $1 {
Black's trying to take initiative. This way he wants to exploit weakness of
the first rank and the hanging position of the white rook.} (32... a5 $5) 33.
Qxc5 (33. Qxf6+ Kxf6 34. Rc7 (34. Ra7 $5) 34... d4 35. cxd4 cxd4 36. Kf1 d3 37.
Ke1 Re8+ 38. Kd2 Re2+ $15) 33... d4 34. Qc7 {I believe Krnan missed the
following temorary rook sacrifice.} (34. cxd4 $5 {was simplier and better.}
Rxd4 35. g3 Rd1+ 36. Kg2 Rd2 37. Re8 $140 Rxf2+ 38. Qxf2 Qc6+ 39. Kf1 Qxe8 40.
Qd4+ {with equality.}) 34... dxc3 $1 35. Qxc3 (35. Qxd8 $2 cxb2 36. Rxf7+ Kxf7
{is very dangerous for White.}) 35... Rd1+ $1 {Black's only chance for a win
is to keep the queens.} (35... Qxc3 36. bxc3 Rd2 (36... Rd1+ 37. Kh2 Rd2 38. a4
bxa4 39. Re4 a3 40. Ra4 $11) 37. a4 bxa4 38. Re5 a3 39. Ra5 a2 {[%cal Gd2d1]}
40. Kh2 Rxf2 41. Rxa6 $11 {[%cal Gc3c6]}) 36. Kh2 Rd4 $1 37. Re3 (37. Kg1 $5)
37... b4 $1 {Suddenly White starts to experience problems.} 38. Qc2 Qd6+ ({
I would have more chances in case of} 38... Qxh4+ 39. Kg1 (39. Rh3 $2 Qf4+ {
[%cal Gd4d2]}) 39... Qh5 40. Rf3 Qd5 $1 {with pressure.}) 39. Kh3 $1 Rd2 {
After this move White escapes into a queen endgame. Being in the time-trouble
I've missed that White can trade the rooks.} (39... Qd7+ $5 {keeping the rooks
was better.} 40. Kh2 (40. Kg3 Qg4+ 41. Kh2 Qxh4+ 42. Kg1 Qh5 {-38...Qxh4.})
40... Rxh4+ 41. Kg1 Qd5 $36) 40. Qb3 Rxf2 41. Rf3 {Now I have no choice, but
to trade the rooks.} Rxf3+ 42. Qxf3 Qe6+ 43. Qg4 $1 Qe3+ (43... Qxa2 44. Qxb4
$11) 44. Qg3 (44. Kh2 $2 Qe5+ {[%cal Ge5b2]}) 44... Qe2 45. Qb3 $6 {White
defends passively.} ({Active defense by means of} 45. Qd6 $5 Qxb2 46. Qxa6 {
wouldn't leave chances for a win.}) 45... Qd2 $1 46. a3 $6 ({And again White
could defend actively with} 46. Qc4 $5) 46... a5 $1 {Now the white queen is
nailed to b3.} 47. axb4 axb4 48. Kg3 Qd4 {Setting a trap.} 49. Kh3 $8 {
Suddenly it turns out that White has to make the only move. This is the result
of his passive defense.} ({Inaccurate} 49. Qc2 $2 {allows to move the b-pawn
to b3.} Qe3+ 50. Kh2 b3 {and thus forces the white queen to b1.}) 49... Qd7+ {
My plan was to reach the position with the black queen on d4 and the white
king on g3 while Black to move. Unfortunately this position is unreachable.} (
49... Kf8 $5 50. Kg3 $140 Kg8 51. Kh3 Kg7 52. Kg3 $2 (52. g3 $142) 52... f5 $17
{This was my dream.}) 50. Kg3 Qd6+ 51. Kf3 (51. Kh3 Qd4 52. Kg3 $140 $2 f5 $1
$17) 51... Qd4 (51... Qf6+ 52. Kg3 Qd4 53. Kh3 {-49.Kh3}) 52. g3 ({And again} 
52. Kg3 $2 f5 $1 $17) 52... Qd2 53. Kg4 {Here I started to look for mate, but
couldn't find one.} Qf2 {[%csl Rg4][%cal Gf2f5]} (53... Qg2 54. Qxb4 f5+ (54...
Qf1 55. Qc3+ f6 56. Qc7+) 55. Kf4 Qf2+ 56. Ke5 Qxg3+ 57. Qf4 $11 {with
equality.}) 54. Kh3 Qf1+ 55. Kh2 Qe2+ 56. Kh3 Qe4 {Here I set my last trap,
but unfortunately White hasn't noticed that I allowed him to move the queen!}
57. Kh2 ({I was hoping for} 57. Qd1 $6 b3 $3 58. Qxb3 $140 Qh1+ 59. Kg4 f5+ {
and it turns out that White can't escape mate in two.} 60. Kf4 ({or} 60. Kg5
Qc1+ 61. Qe3 Qxe3#) 60... Qe4+ 61. Kg5 Qg4#) 57... Qe2+ (57... Kf6 $5) 58. Kh3
Qd2 59. Kg4 Kf8 60. Kf3 Kg8 61. Kg4 Qe2+ 62. Kh3 Qe4 63. Kh2 Kg7 64. Qd1 $1 Qe3
65. b3 $1 {and soon a draw was agreed.} 1/2-1/2

[Event "Montreal WCT"]
[Site "Montreal"]
[Date "2005.01.15"]
[Round "1"]
[White "Jakovenko, Dmitrij"]
[Black "Mikhalevski, Victor"]
[Result "1-0"]
[WhiteElo "2596"]
[BlackElo "2553"]
[Annotator "Mikhalevski,V"]
[PlyCount "165"]
[EventDate "2005.01.15"]
[EventType "tourn"]
[EventRounds "9"]
[EventCountry "CAN"]
[EventCategory "10"]
[SourceTitle "CBM 105"]
[Source "ChessBase"]
[SourceDate "2005.04.11"]
[SourceVersion "1"]
[SourceVersionDate "2005.04.11"]
[SourceQuality "1"]

{[%mdl 2]} {As it turned out the pairings of the first round of the World
Chess Tournament in Montreal 2005 proved to be decisive for the fate of the
first place. I've prepared a variation which I played a few times before,
which leads to a slightly worse, but rather solid position.} 1. e4 e5 2. Nf3
Nc6 3. Bb5 a6 4. Ba4 Nf6 5. O-O Nxe4 6. d4 b5 7. Bb3 d5 8. dxe5 Be6 9. Be3 Be7
10. c3 Nc5 11. Bc2 Nd7 {Black initiates series of exchanges.} 12. Re1 Ndxe5 13.
Nxe5 Nxe5 14. Bd4 Ng6 (14... Nc6 15. Bxg7 Rg8 16. Qh5 {considered to be
dangerous for Black.}) 15. Bxg7 Rg8 16. Bxg6 {Otherwise Black creates strong
counterplay along the g-file.} Rxg7 17. Rxe6 hxg6 18. Re2 {The best square for
the rook. White prepares doubling of rooks along the e-file.} ({The less
logical} 18. Re5 {occuried in the game Krnan,T-Mikhalevski,V, Montreal
International 2004/CBM101ext[Mikhalevski,V].}) 18... Kf8 {This is the position
I was striving to. Black just needs to consolidate his position with moves
like Rg8(h7); Bf6; Kg7 and he's gonna be fine. White has to disturb this plan
with a4 or by bringing the knight to e5.} 19. Nd2 {The most logical
continuation. First White develops his knight and only then decides where to
place his queen.} ({Here are a few recent examples in which White tested
different ideas.} 19. a4 $5 Rh7 20. Nd2 Bd6 21. g3 Rb8 22. Nf3 Rh5 23. h4 Qd7
24. axb5 axb5 25. Qd4 Kg8 26. Rae1 b4 27. Ng5 bxc3 28. bxc3 c6 29. Qf6 Bf8 30.
Re7 Qf5 31. Rxf7 {1-0 Van den Doel,E-Motwani,P/Belgium BEL 2002.}) (19. Qd3 {
This move usually leads to transposition.} c6 $5 ({Inaccurate play in the
following game allowed White to develop dangerous initiative.} 19... Rh7 20.
Nd2 c6 21. Rae1 Bf6 22. Nf3 Rh8 23. Ne5 Bxe5 24. Rxe5 Qf6 25. Qd4 Qh4 26. Qc5+
Kg7 27. h3 Qc4 28. Qe3 Qxa2 29. Re7 $16 {1-0 Vallejo Pons,F-Narciso Dublan,M/
Lanzarote ESP 2003.}) 20. Nd2 Rg8 21. Nf3 Kg7 22. Nd4 Rc8 23. Qg3 Bc5 24. Nf5+
Kf8 25. Nh6 Rh8 26. Ng4 Bd6 27. Qd3 Rh5 28. Rae1 c5 $132 {1-0 Stripunsky,
A-Fishbein,A/San Diego USA 2004.}) 19... Rh7 (19... Rg8 {is a worthy
alternative. See Khalifman,A-Kortchnoi,V, Ubeda 1997/CBM58 [Mikhalevski,V].})
20. Nf3 Qd6 {Only this move turns out to be a novelty, although a similar idea
was tested before. The point is to bring the queen rook to d8.} ({Earlier
Black tested} 20... Bf6 21. h3 (21. a4 Kg7 22. Qd3 {1/2-1/2 Fogarasi,
T-Todorovic,G/Budapest 2002/EXT 2003 (22).}) 21... Kg7 22. Qd3 Rh8 23. Rd1 c6
24. Ne5 Qd6 25. Ng4 Rae8 {and soon a draw was agreed. 1/2-1/2 Magem Badals,
J-Flear,G/Palma de Mallorca 1991/TD (33)}) 21. a4 $1 {[%csl Rb5] White is
creating an object of attack on the queenside and thus disturbs Black plans.}
Rd8 (21... Rb8 $5 {would be more accurate as the b5-pawn will be soon attacked.
}) 22. Qd3 {All these moves were played by both players rather quickly. Now it
was a good point to stop and try to understand what is happening. The b5-pawn
is attacked. While after 22...c6 23. axb5 axb5 24.Ra6 followed by Nd4 Black
starts to experience problems with the queenside pawns. After a long thought I
came with an interesting pawn sacrifice.} Qb6 $1 23. axb5 axb5 24. Nd4 Bf6 $1 {
[%cal Yb6d4,Yf6d4]} ({I didn't like} 24... c6 {as it prevents my queen from
controlling the sixth rank and thus makes ideas Re6 and Ne6 rather annoying.})
25. g3 ({In case of} 25. Nxb5 c5 $1 $44 {The knight on b5 is misplaced which
gives Black certain initiative thanks to a strong bishop on f6.} (25... Rh4 $5)
) ({And} 25. Qxb5 $2 {loses to} Bxd4) 25... Kg7 {[%cal Gd8h8] Preparing
doubling of rooks along the h-file and setting a trap.} 26. h4 {Avoiding the
following.} (26. Nxb5 $2 {is strongly met by} Rdh8 27. h4 Bxh4 $1 {[%csl Rg1]
with a very strong attack.}) 26... Rhh8 $5 {[%cal Gh8e8] Black is still
fighting for initiative while it was possible to simply protect the b5-pawn.} (
26... c6) 27. Nxb5 Rhe8 $1 {This way Black prevents Nd4.} 28. Rae1 (28. Nd4 $6
{loses back a pawn.} Bxd4 (28... c5 $5) 29. cxd4 Rxe2 30. Qxe2 Qxd4) 28... Re4
$1 {[%csl Rb5] The same startegy of restricting White's knight.} 29. Na3 {
The knight has to retreat to a passive position.} Rde8 $1 30. Rxe4 dxe4 31. Qe2
{It seems that White succeeded in consolidating his position. He's ready to
bring the knight to c4 and enjoy an extra pawn, but...} (31. Qb5 Qe6) 31... e3
$1 {[%csl Ra3,Rg3] Just in time. Probably this move was underestimated by
Dmitry.} 32. fxe3 {Now white pieces lose harmony and Black exploits this fact
with} Qd6 $1 {This is a double attack on g3 and a3!} 33. Qf3 ({Doesn't help} 
33. Qg4 Qd2 34. Re2 Qd1+ 35. Kf2 Re6 $1 {and White can't avoid perpetual. For
example} 36. Nc4 ({or} 36. Kg2 Rxe3 37. Kf2 Re5 {with Rf5 to follow.}) 36...
Bxc3 $1 37. bxc3 Rf6+ 38. Kg2 Qf1+ 39. Kh2 Rf2+ 40. Rxf2 Qxf2+ 41. Kh3 Qf1+ {
with a draw.}) 33... Bxc3 $1 {[%csl Ra3] Suddenly Black exploits an
unfortunate position of the white knight.} 34. Nb5 $5 {It seems that White
wins a piece, but Black has a saving move.} ({Also after} 34. bxc3 Qxa3 {
Black has good chances for a draw thanks to weakness of all white pawns and
vulnerability of the white king.}) 34... Qf6 $1 {The only, but sufficient
resource. The endgame is drawish.} 35. Qxf6+ Bxf6 36. Nxc7 Rb8 $1 37. Kg2 Be5
38. Nd5 Rxb2+ 39. Kf3 Rd2 $1 40. Nb6 Bc7 41. Rb1 Bxb6 {After this move I've
felt a relief. Black should have been just a little bit accurate to keep the
draw.} 42. Rxb6 {White's only plan is to create a passer on the h-file by
means of h4-h5 and so the black rook remains from behind to attack the h-pawn.}
Rd1 43. Rb3 (43. g4 Rh1 44. Kg3 Rg1+ 45. Kf4 Rf1+ {and White can't avoid
repetition without giving up the h-pawn.} 46. Ke5 Rh1) 43... Ra1 44. e4 Kf6 45.
Kf4 Rf1+ 46. Rf3 Re1 47. Rc3 Rf1+ 48. Rf3 Re1 49. g4 g5+ $1 {This pawn
sacrifice forces a draw. However I've completely missed 51.Ke5 and also an
easy, but really surprising solution.} ({Also after the simple} 49... Rh1 {
a draw is easy.} 50. Kg3+ Ke6 {and White can't make progress.}) 50. hxg5+ Kg6
$1 51. Ke5 $1 Ra1 $2 {After this move Black will have to solve some problems.}
({I couldn't believe my eyes when I saw that after} 51... Kxg5 $1 52. Rxf7 Kxg4
{the arising position is a draw because the black king seems to be in a bad
position on g4 and can be cutted off by means of Rf5. But the draw is
relatively easy.} 53. Rf5 ({or} 53. Kd5 Kg5 (53... Ra1 $5 {is also possible.}
54. e5 Ra5+ 55. Ke6 Ra6+ 56. Ke7 Kg5 57. e6 Kg6) 54. e5 Kg6 55. e6 Rd1+ 56. Ke5
Re1+ 57. Kd6 Rd1+ 58. Ke7 (58. Kc7 Rc1+ 59. Kd7 Rd1+ 60. Ke8 Ra1 61. Rd7 Kf6 $1
62. e7 Ke6 $1 {with the threat of Ra8+ followed by Ra7.}) 58... Ra1) (53. Rd7
Re2 (53... Kf3 54. Rd4 Kg4 55. Kf6 Rf1+ 56. Ke6 Kg5 57. e5 Ra1 58. Rd8) 54. Rd4
Re1 55. Ke6 Kg5 56. e5 Ra1 57. Ke7 Ra7+ 58. Rd7 Ra6 59. e6 Kg6 {with another
theoretical draw.}) 53... Ra1 54. Rf2) 52. Rf5 Rb1 $1 53. Rf6+ Kg7 $6 {I was
sure that accepting the g-pawns leads to a loss.} ({And again} 53... Kxg5 $1 {
was the simplest way to a draw.} 54. Rxf7 Rb5+ $1 {Black has to be careful.} ({
Immediate} 54... Kxg4 $2 {loses to} 55. Rg7+ Kf3 56. Kf5) 55. Kd6 Kxg4 56. e5
Rb6+ 57. Kd7 Rb7+ 58. Ke6 Rb6+ 59. Ke7 Kg5 60. e6 Kg6 $1 {and Black keeps a
draw.}) 54. Rf5 Kg6 55. Kd6 Rb7 56. Ke5 Rb1 {Threefold-repetition of the
position, which I missed.} 57. Rf6+ Kg7 ({Of course} 57... Kxg5 $1 58. Rxf7
Rb5+ $1 {was better again. See above.}) 58. Rc6 Rf1 (58... Rg1 $1 {leads to an
easy draw.} 59. g6 (59. Kf4 Rf1+ 60. Kg3 Rg1+ 61. Kh3 Re1 62. Rc4 Kg6 {with a
draw.}) 59... Rxg4 $11) 59. Ra6 Rf2 ({And again} 59... Rg1 $1 {was possible.})
60. Rb6 Rf1 61. Rc6 Rf2 62. Rc8 Kg6 63. Rg8+ Kh7 64. Rf8 Kg7 65. Re8 Kg6 66.
Kd6 Kxg5 67. Rg8+ Kh6 $2 {Only this move seems to lose.} (67... Kh4 {was still
sufficient for a draw.} 68. Ke7 ({or} 68. g5 Kh5 69. Rg7 Rf4 70. e5 Rf1 71. g6
Rd1+ 72. Ke7 fxg6 73. e6 g5 74. Kf7 Rf1+ 75. Kg8 Re1 76. e7 g4 77. Kf8 Kh4 $11)
68... Re2 69. Kxf7 Rxe4 70. g5 Ra4 71. g6 Kg5 $11 {with Ra7 to follow.}) 68.
Ke7 Rf4 ({Doesn't save} 68... Re2 69. Kxf7 Rxe4 70. Rg6+ $1 Kh7 71. Rg5 $1 {
[%cal Gg5h5] and suddenly Black finds himself in a mating net.} ({But not} 71.
g5 $4 Re7+ $1 {with a draw.}) 71... Rf4+ 72. Rf5 Rxg4 73. Rh5#) ({or} 68... Kh7
69. Rg5 Kh6 70. Rf5 Rg2 71. Kxf7 Rxg4 72. e5 $18 {and White wins.}) ({Also
after} 68... f6 69. Kf7 {black king is in the net.} Rf4 70. Rg6+ Kh7 71. Rxf6
Rxe4 (71... Rxg4 72. e5) 72. g5 $18) 69. e5 Rf1 (69... Re4 {loses to} 70. Kxf7
Rxe5 71. Kf6 $1 (71. Rh8+ $5 Kg5 72. Rh5+ $18) 71... Kh7 72. Kxe5 Kxg8 73. Kf6
$1 {and White wins.}) 70. Rh8+ $2 {This move could cost White the win.} (70.
Rf8 $1 {[%cal Ge5e6] with the idea e6 was the way to go.} Re1 71. Kxf7 Rxe5 {
After the game Dmitry told me that he missed} 72. Kf6 $1 $18 {[%csl Re5][%cal
Gf8h8]}) 70... Kg7 $2 {The final mistake.} (70... Kg5 $1 71. Rg8+ Kh4 {was
enough for a draw. For example} 72. g5 Kh5 73. g6 ({or} 73. Rg7 Re1 $1) 73...
fxg6 74. e6 g5 75. Ke8 g4 76. e7 Kh4 $11) 71. Rf8 $1 $18 {[%cal Ge5e6] Black
loses the f7-pawn as he can't prevent e6 and the game is over.} Ra1 72. Rxf7+
Kg6 73. Rf6+ Kg5 74. Rd6 Ra8 75. e6 Kg6 76. Rd7 Ra6 77. Rc7 Ra4 78. Rc8 Kg7 ({
Doesn't help} 78... Ra7+ 79. Kd6 Ra6+ 80. Kd7 Ra7+ 81. Rc7 $18) 79. g5 Ra6 80.
Kd7 Ra1 81. Ke8 Re1 82. e7 Rd1 83. Rd8 {This was a very disappointing loss
since I knew that I had many chances to keep a draw. At the same time
Jakovenko recieved a strong boost and started to win one game after another.}
1-0